000 00448nam a22001697a 4500
005 20180726143647.0
008 160514b xxu||||| |||| 00| 0 eng d
020 _a81-7808-572-0
041 _aeng
082 _b2430
_a658.3
100 _aHersey, Paul and others
_94634
245 _aManagement of Organizational Behaviour:leading human resources
260 _bPearsons
_c2003
_adelhi
300 _a497p,
650 _aManagement
_9241
942 _cBK
999 _c863
_d863